[Event "BAN-chT"]
[Site "Dhaka"]
[Date "2017.12.11"]
[Round "3.1"]
[White "Mohammad, Minhaz Uddin"]
[Black "Ali, Mohammad Amir"]
[Result "1-0"]
[WhiteElo "2391"]
[BlackElo "1756"]
[PlyCount "57"]
[EventDate "2017.12.09"]
[EventType "team-tourn"]
[EventRounds "11"]
[EventCountry "BAN"]
[SourceTitle "CBM 182 Extra"]
[Source "ChessBase"]
[SourceDate "2018.02.23"]
[SourceVersion "1"]
[SourceVersionDate "2018.02.23"]
[SourceQuality "1"]
[WhiteTeam "Bangladesh Navy"]
[BlackTeam "Golden Sporting"]
[WhiteTeamCountry "BAN"]
[BlackTeamCountry "BAN"]

1. e4 d5 2. exd5 Nf6 3. Bb5+ Bd7 4. Bc4 a6 5. Nc3 Bg4 6. f3 Bh5 7. Nge2 Nbd7 8. Nf4 Nb6 9. Bb3 Qd6 10. d3 Qe5+ 11. Qe2 Qxe2+ 12. Ncxe2 Bg6 13. h4 h6 14. Nxg6 fxg6 15. Nf4 0-0-0 16. Nxg6 Rh7 17. c4 Nfd7 18. Be3 c5 19. dxc6 bxc6 20. c5 Nd5 21. Bxd5 cxd5 22. d4 Re8 23. f4 e6 24. h5 Be7 25. b4 Bf6 26. a4 Kc7 27. Ke2 Nf8 28. b5 axb5 29. axb5 1-0

[Event "BAN Walton 1st League"]
[Site "Dhaka"]
[Date "2016.12.11"]
[Round "6.1"]
[White "Nasir, SAM"]
[Black "Ali, Mohammad Amir"]
[Result "1-0"]
[WhiteElo "2053"]
[BlackElo "1774"]
[PlyCount "59"]
[EventDate "2016.12.06"]
[EventType "team-tourn"]
[EventRounds "9"]
[EventCountry "BAN"]
[SourceTitle "CBM 176 Extra"]
[Source "ChessBase"]
[SourceDate "2017.03.02"]
[SourceVersion "1"]
[SourceVersionDate "2017.03.02"]
[SourceQuality "1"]
[WhiteTeam "Sonali Bank Sports"]
[BlackTeam "Golden Sporting"]
[WhiteTeamCountry "BAN"]
[BlackTeamCountry "BAN"]

1. Nf3 Nc6 2. g3 e5 3. d3 d5 4. Bg2 Nf6 5. 0-0 Bc5 6. c3 Bb6 7. a4 a5 8. Na3 Be6 9. Ng5 Qd7 10. Nxe6 Qxe6 11. Nb5 Ne7 12. Be3 c6 13. Bxb6 cxb5 14. Bc7 bxa4 15. Qxa4+ Nc6 16. Qb5 0-0 17. c4 Nd4 18. Qxb7 Nxe2+ 19. Kh1 Qd7 20. cxd5 Ne8 21. Qxa8 Nxc7 22. Qc6 Qd8 23. Rxa5 f5 24. d6 Ne6 25. Rxe5 N6d4 26. Qd5+ Kh8 27. Ra1 f4 28. Ra8 Qf6 29. Ree8 Nxg3+ 30. fxg3 1-0

[Event "BAN Walton 1st League"]
[Site "Dhaka"]
[Date "2016.12.09"]
[Round "4.1"]
[White "Bu, Xiangzhi"]
[Black "Ali, Mohammad Amir"]
[Result "1-0"]
[WhiteElo "2705"]
[BlackElo "1774"]
[PlyCount "55"]
[EventDate "2016.12.06"]
[EventType "team-tourn"]
[EventRounds "9"]
[EventCountry "BAN"]
[SourceTitle "CBM 176 Extra"]
[Source "ChessBase"]
[SourceDate "2017.03.02"]
[SourceVersion "1"]
[SourceVersionDate "2017.03.02"]
[SourceQuality "1"]
[WhiteTeam "SAIF Sporting Club"]
[BlackTeam "Golden Sporting"]
[WhiteTeamCountry "BAN"]
[BlackTeamCountry "BAN"]

1. c4 e5 2. Nc3 Nf6 3. Nf3 Nc6 4. e4 Bc5 5. Nxe5 Nxe5 6. d4 Bb4 7. dxe5 Nxe4 8. Qd3 Nxc3 9. bxc3 Bc5 10. Qg3 g6 11. h4 d6 12. Bg5 Qd7 13. Be2 Qf5 14. Bf6 0-0 15. f4 h5 16. Rf1 Qe4 17. Kd2 Qf5 18. Qg5 Kh7 19. Rae1 Be6 20. g4 Qe4 21. Bd3 Qg2+ 22. Re2 Qxg4 23. f5 Qxg5+ 24. hxg5 gxf5 25. Rxf5 Bxf5 26. Bxf5+ Kg8 27. Rh2 Rfd8 28. Rxh5 1-0